Virginia Tech 2024-2025 Roster - Statistics

General Stats
  • This quiz has been taken 27 times
  • The average score is 24 of 37
Answer Stats
Position Answer % Correct
Head Coach Brent Pry
100%
QB1 Kyron Drones
100%
RB1 Bhayshul Tuten
95%
QB3 William "Pop" Watson III
95%
TE1 Benji Gosnell
89%
WR1 Jaylin Lane
89%
WR3 Stephen Gosnell
89%
CB1 Dorian Strong
84%
PK John Love
84%
DT1 Aeneas Peebles
79%
DE1 Antwaun Powell-Ryland
79%
WR2 Da'Quan Felton
79%
CB2 Mansoor Delane
79%
WR5 Ayden Greene
74%
QB2 Colin Schlee
74%
OC Tyler Bowen
74%
WR4 Ali Jennings
63%
C Braelin Moore
63%
TE2 Harrison Saint-Germain
63%
LG Kaden Moore
63%
RB2 Malachi Thomas
63%
P Peter Moore
63%
RB3 Jeremiah Coney
58%
RT Parker Clements
58%
DC Chris Marve
53%
Star Keonta Jenkins
53%
LT Xavier Chaplin
47%
RG Brody Meadows
42%
DE2 Cole Nelson
42%
DT2 Kevin Gilliam Jr.
42%
TE3 Nick Gallo
42%
LB2 Sam Brumfield
42%
KOS Kyle Lowe
37%
LB1 Keli Lawson
32%
WR6 Takye Heath
32%
S2 Jaylen Jones
26%
S1 Mose Phillips III
26%
No matching quizzes found
Score Distribution
Percent of People with Each Score
Percentile by Number Answered
Your Score History
You have not taken this quiz